Países mais próximos de Benin - Corrida de 15 segundos - Statistics

Estatísticas Gerais
  • Esse quiz foi jogado 21 vezes
  • A pontuação média é 5 de 20
Estatísticas das Respostas
km país % Correto
0 Togo
100%
43 Gana
69%
0 Burkina Faso
46%
315 Côte d'Ivoire
46%
0 Níger
31%
0 Nigéria
31%
1232 Serra Leoa
23%
668 Camarões
15%
1261 Congo
15%
969 Gabão
15%
947 Guiné
15%
997 Libéria
15%
326 Mali
15%
857 Mauritânia
15%
1340 Senegal
15%
733 Argélia
8%
1291 República Centro-Africana
8%
735 São Tomé e Príncipe
8%
1114 Chade
0%
720 Guiné Equatorial
0%
Nenhum quiz correspondente encontrado
Distribuição das Pontuações
Porcentagem de Pessoas com Cada Pontuação
Percentil de Números Respondidos
Sua Pontuação Histórica
Você não jogou esse quiz